| 000 | 00380nam a22001577a 4500 | ||
|---|---|---|---|
| 999 |
_c257279 _d257278 |
||
| 003 | OSt | ||
| 005 | 20180911105354.0 | ||
| 008 | 180911b xxu||||| |||| 00| 0 eng d | ||
| 020 | _a978-0-07-282750-7 | ||
| 040 | _cn/a | ||
| 100 | _aGordon M. Wardlaw | ||
| 245 | _aPerspectives in Nutrition | ||
| 250 | _a7th edition | ||
| 260 |
_aNewyork _bMcGraw Hill _c2011 |
||
| 942 |
_2lcc _cBK |
||